00426nam a2200169Ia 4500003000400000005001700004008004100021020001800062040000900080082001800089100001900107245004900126250001200175260004600187300000900233650001400242OSt20200821141102.0190216s9999||||xx |||||||||||||| ||und|| a9788126513918 coclc a547.28bODI/P aOdian, George  0aPrinciples Of Polymerization /cGeorge Odian a4th Ed. bWiley Student Edition,c2012.aNew Delhi: a812p aChemistry